| 000 | 01250nam a22002655i 4500 | ||
|---|---|---|---|
| 001 | 48292 | ||
| 003 | ES-MaACL | ||
| 005 | 20250829114856.0 | ||
| 007 | t| | ||
| 008 | 950712s1840 fr ||||1| fre d | ||
| 245 | 0 | 0 |
_aChoix de monuments primitives de l'Eglise chrétienne _b: avec notices littéraires... |
| 260 |
_aParis : _bAuguste Desrez, _c1840. |
||
| 300 |
_aXXIII, 772 p. ; _c26 cm. |
||
| 490 | 1 | _aPanthéon littéraire. Littérature latine. Philosophie chrétienne | |
| 505 | 8 | _aContiene: Correspondance entre Pline et Trajan au sujet des chrétiens . Vingt-trois traités / Tertullien . Octavius / Minucius Félix . Douze traités / Saint Cyprien . Mort des persécuteurs . Institutions divines. Colére de Dieu . Oeuvre de Dieu / Lactance . Erreurs des religions profanes / J.F. Maternus. | |
| 700 | 1 |
_aTertuliano, Quinto Septimio Florente, _dca. 160-220 _9109810 |
|
| 700 | 1 |
_aFélix, Minucius. _949212 |
|
| 700 | 0 |
_aCipriano, _cSanto, _cObispo de Cartago. _938871 |
|
| 700 | 1 |
_aLactancio. _969417 |
|
| 700 | 1 |
_aMaternus, J.F. _978994 |
|
| 700 | 1 |
_aDesrez, Auguste. _943932 |
|
| 830 | 1 |
_aPanthéon littéraire. Littérature latine. Philosophie chrétienne _9182229 |
|
| 852 |
_aES-MaACL _jG-13583 |
||
| 999 |
_c48292 _d48292 |
||